| 000 | 00575nam a22001937a 4500 | ||
|---|---|---|---|
| 003 | 0 | ||
| 005 | 20240422085922.0 | ||
| 008 | 240422b xxu||||| |||| 00| 0 eng d | ||
| 020 | _a978-1-910851-45-6 | ||
| 050 |
_aER _bMy995 2017 |
||
| 082 |
_aER _bMy995 2017 |
||
| 100 | _aBlyth, Rowena | ||
| 245 |
_aMy incredible knititng nana _cRowena Blyth |
||
| 260 |
_aWirral, Merseyside _bFourth Wall Publishing _cc2017. |
||
| 300 |
_aunpaged : _bcolored illustrations ; _c27cm. |
||
| 650 | _aKnitting--Easy Reading Book. | ||
| 650 | _aKnitting--Picture Book. | ||
| 942 |
_2ddc _cBK |
||
| 999 |
_c365949 _d365949 |
||